[Event "European Women's Championship"]
[Site "Vysoke Tatry"]
[Date "2018.04.08"]
[Round "1"]
[White "Zhukova, Natalia"]
[Black "Rodshtein, Tereza"]
[Result "1-0"]
[Board "22"]
[WhiteElo "2426"]
[WhiteTitle "GM"]
[WhiteCountry "UKR"]
[WhiteFideId "14101513"]
[WhiteEloChange "2"]
[BlackElo "2226"]
[BlackTitle "WGM"]
[BlackCountry "CZE"]
[BlackFideId "325449"]
[BlackEloChange "-5"]

1. c4 {[%clk 1:30:55]} c6 {[%clk 1:30:42]} 2. e4 {[%clk 1:31:09]} e5 {[%clk
1:27:03]} 3. Nf3 {[%clk 1:31:24]} Qc7 {[%clk 1:22:41]} 4. d4 {[%clk 1:29:51]}
exd4 {[%clk 1:04:01]} 5. Qxd4 {[%clk 1:27:19]} Na6 {[%clk 1:01:36]} 6. Nc3 {[%clk
1:16:41]} d6 {[%clk 0:52:35]} 7. Bf4 {[%clk 1:11:51]} Nf6 {[%clk 0:46:51]} 8.
O-O-O {[%clk 1:00:52]} Be7 {[%clk 0:46:30]} 9. Bxd6 {[%clk 0:54:24]} Bxd6 {[%clk
0:46:29]} 10. Qxd6 {[%clk 0:54:51]} Qxd6 {[%clk 0:46:52]} 11. Rxd6 {[%clk
0:55:14]} Ke7 {[%clk 0:46:30]} 12. Rd2 {[%clk 0:49:44]} Be6 {[%clk 0:45:26]} 13.
Nd4 {[%clk 0:48:16]} Rhd8 {[%clk 0:43:21]} 14. Be2 {[%clk 0:48:00]} Nc5 {[%clk
0:42:53]} 15. f3 {[%clk 0:45:55]} a5 {[%clk 0:42:04]} 16. Rhd1 {[%clk 0:39:52]}
a4 {[%clk 0:41:37]} 17. Nxe6 {[%clk 0:35:15]} Nxe6 {[%clk 0:38:20]} 18. Rxd8
{[%clk 0:35:36]} Nxd8 {[%clk 0:38:42]} 19. f4 {[%clk 0:33:37]} Ne6 {[%clk
0:38:22]} 20. g3 {[%clk 0:33:44]} Nc5 {[%clk 0:38:24]} 21. e5 {[%clk 0:15:55]}
Nfd7 {[%clk 0:38:12]} 22. Kc2 {[%clk 0:15:53]} g5 {[%clk 0:31:23]} 23. fxg5
{[%clk 0:08:20]} Nxe5 {[%clk 0:30:56]} 24. Rd4 {[%clk 0:07:31]} Rf8 {[%clk
0:22:02]} 25. Rh4 {[%clk 0:07:22]} Rg8 {[%clk 0:21:58]} 26. Ne4 {[%clk 0:02:51]}
Ne6 {[%clk 0:20:02]} 27. Kc3 {[%clk 0:03:18]} Rg7 {[%clk 0:15:14]} 28. Rh5 {[%clk
0:03:18]} b6 {[%clk 0:12:40]} 29. Bd1 {[%clk 0:03:28]} b5 {[%clk 0:12:13]} 30.
cxb5 {[%clk 0:03:54]} cxb5 {[%clk 0:12:38]} 31. g6 {[%clk 0:03:56]} Nxg6 {[%clk
0:12:49]} 32. Rxb5 {[%clk 0:04:23]} 1-0

[Event "European Women's Championship"]
[Site "Vysoke Tatry"]
[Date "2018.04.08"]
[Round "1"]
[White "Gevorgyan, Maria"]
[Black "Vega Gutierrez, Sabrina"]
[Result "0-1"]
[Board "23"]
[WhiteElo "2226"]
[WhiteTitle "WIM"]
[WhiteCountry "ARM"]
[WhiteFideId "13300270"]
[WhiteEloChange "-5"]
[BlackElo "2425"]
[BlackTitle "IM"]
[BlackCountry "ESP"]
[BlackFideId "2219026"]
[BlackEloChange "2"]

1. e4 {[%clk 1:30:58]} c5 {[%clk 1:30:52]} 2. Nf3 {[%clk 1:31:01]} Nc6 {[%clk
1:31:08]} 3. d4 {[%clk 1:31:26]} cxd4 {[%clk 1:31:31]} 4. Nxd4 {[%clk 1:31:52]}
Nf6 {[%clk 1:31:36]} 5. Nc3 {[%clk 1:32:14]} e5 {[%clk 1:31:43]} 6. Ndb5 {[%clk
1:32:39]} d6 {[%clk 1:32:06]} 7. Bg5 {[%clk 1:32:59]} a6 {[%clk 1:32:28]} 8. Na3
{[%clk 1:33:24]} b5 {[%clk 1:32:52]} 9. Nd5 {[%clk 1:33:51]} Be7 {[%clk 1:33:10]}
10. Bxf6 {[%clk 1:34:15]} Bxf6 {[%clk 1:33:32]} 11. c3 {[%clk 1:34:14]} O-O
{[%clk 1:27:32]} 12. Nc2 {[%clk 1:34:13]} Rb8 {[%clk 1:27:35]} 13. b3 {[%clk
1:29:19]} Be6 {[%clk 1:21:19]} 14. Nxf6+ {[%clk 1:12:50]} Qxf6 {[%clk 1:12:41]}
15. Qxd6 {[%clk 1:11:33]} Rbc8 {[%clk 1:11:45]} 16. Qd2 {[%clk 1:10:49]} Rfd8
{[%clk 1:07:34]} 17. Qe3 {[%clk 1:11:10]} Qg6 {[%clk 1:05:29]} 18. g3 {[%clk
0:35:10]} f5 {[%clk 1:02:33]} 19. Bh3 {[%clk 0:34:37]} f4 {[%clk 1:00:07]} 20.
Bxe6+ {[%clk 0:33:23]} Qxe6 {[%clk 1:00:28]} 21. gxf4 {[%clk 0:29:59]} exf4
{[%clk 1:00:35]} 22. Qxf4 {[%clk 0:30:13]} Ne5 {[%clk 0:46:46]} 23. O-O {[%clk
0:14:04]} Rxc3 {[%clk 0:44:55]} 24. Ne1 {[%clk 0:12:36]} Rf8 {[%clk 0:41:39]} 25.
Qd2 {[%clk 0:12:07]} Nf3+ {[%clk 0:30:40]} 26. Nxf3 {[%clk 0:12:31]} Qg4+ {[%clk
0:31:05]} 27. Kh1 {[%clk 0:12:58]} Qxf3+ {[%clk 0:31:29]} 28. Kg1 {[%clk
0:13:21]} Rd3 {[%clk 0:31:32]} 29. Qc2 {[%clk 0:11:22]} Rd6 {[%clk 0:28:58]} 30.
Rfd1 {[%clk 0:11:47]} Rg6+ {[%clk 0:28:18]} 31. Kf1 {[%clk 0:12:16]} Qh3+ {[%clk
0:27:05]} 32. Ke2 {[%clk 0:11:22]} Rxf2+ {[%clk 0:27:14]} 33. Kxf2 {[%clk
0:11:32]} Rg2+ {[%clk 0:27:32]} 0-1

[Event "European Women's Championship"]
[Site "Vysoke Tatry"]
[Date "2018.04.08"]
[Round "1"]
[White "Ushenina, Anna"]
[Black "Semenova, Elena"]
[Result "1/2-1/2"]
[Board "24"]
[WhiteElo "2422"]
[WhiteTitle "GM"]
[WhiteCountry "UKR"]
[WhiteFideId "14110911"]
[WhiteEloChange "-3"]
[BlackElo "2221"]
[BlackTitle "WIM"]
[BlackCountry "RUS"]
[BlackFideId "24125148"]
[BlackEloChange "5"]

1. d4 {[%clk 1:30:54]} Nf6 {[%clk 1:30:50]} 2. c4 {[%clk 1:31:15]} e6 {[%clk
1:31:08]} 3. Nc3 {[%clk 1:31:30]} Bb4 {[%clk 1:31:26]} 4. Qc2 {[%clk 1:31:35]} c6
{[%clk 1:30:20]} 5. a3 {[%clk 1:22:46]} Ba5 {[%clk 1:30:31]} 6. Bg5 {[%clk
1:05:29]} h6 {[%clk 1:28:01]} 7. Bh4 {[%clk 1:04:19]} d5 {[%clk 1:14:18]} 8. e3
{[%clk 0:52:15]} g5 {[%clk 1:05:11]} 9. Bg3 {[%clk 0:52:35]} Ne4 {[%clk 1:05:30]}
10. Bd3 {[%clk 0:47:20]} Nxg3 {[%clk 0:54:43]} 11. hxg3 {[%clk 0:47:42]} Nd7
{[%clk 0:54:25]} 12. cxd5 {[%clk 0:39:25]} exd5 {[%clk 0:53:55]} 13. Nf3 {[%clk
0:39:03]} Kf8 {[%clk 0:48:21]} 14. Bf5 {[%clk 0:28:02]} Kg7 {[%clk 0:45:10]} 15.
b4 {[%clk 0:28:21]} Bc7 {[%clk 0:33:13]} 16. b5 {[%clk 0:28:21]} cxb5 {[%clk
0:33:13]} 17. Nxd5 {[%clk 0:26:32]} Ba5+ {[%clk 0:33:35]} 18. Nb4 {[%clk
0:26:11]} Nb6 {[%clk 0:29:13]} 19. O-O {[%clk 0:25:56]} Nc4 {[%clk 0:28:03]} 20.
Bxc8 {[%clk 0:23:00]} Rxc8 {[%clk 0:28:22]} 21. Qf5 {[%clk 0:23:07]} Bxb4 {[%clk
0:24:35]} 22. axb4 {[%clk 0:23:12]} a6 {[%clk 0:24:55]} 23. d5 {[%clk 0:20:53]}
Nd6 {[%clk 0:19:59]} 24. Qd3 {[%clk 0:16:32]} Qe7 {[%clk 0:18:12]} 25. Nd2 {[%clk
0:09:34]} Qe5 {[%clk 0:14:04]} 26. Rac1 {[%clk 0:09:11]} Qb2 {[%clk 0:11:08]} 27.
Rb1 {[%clk 0:08:04]} Qc3 {[%clk 0:10:53]} 28. Qe2 {[%clk 0:08:30]} Qe5 {[%clk
0:08:02]} 29. e4 {[%clk 0:04:54]} Rhe8 {[%clk 0:07:06]} 30. Rfe1 {[%clk 0:04:07]}
Rc2 {[%clk 0:07:11]} 31. Qd1 {[%clk 0:03:19]} Qc3 {[%clk 0:03:31]} 32. Re2 {[%clk
0:03:33]} Nc4 {[%clk 0:02:22]} 33. Nxc4 {[%clk 0:03:36]} Rxe2 {[%clk 0:02:46]}
34. Qxe2 {[%clk 0:03:02]} bxc4 {[%clk 0:02:15]} 35. f3 {[%clk 0:00:53]} b5 {[%clk
0:01:58]} 36. Kh2 {[%clk 0:00:45]} Qe5 {[%clk 0:02:01]} 37. Qa2 {[%clk 0:01:00]}
h5 {[%clk 0:01:59]} 38. Qa1 {[%clk 0:00:40]} Qxa1 {[%clk 0:00:52]} 39. Rxa1
{[%clk 0:01:09]} Kf6 {[%clk 0:00:36]} 40. Rxa6+ {[%clk 0:31:08]} Ke5 {[%clk
0:31:03]} 41. Rc6 {[%clk 0:29:20]} Kd4 {[%clk 0:28:33]} 42. d6 {[%clk 0:27:32]}
c3 {[%clk 0:22:54]} 43. d7 {[%clk 0:05:25]} Rd8 {[%clk 0:22:21]} 44. Rc7 {[%clk
0:05:54]} f6 {[%clk 0:14:58]} 45. Kh3 {[%clk 0:05:48]} Kd3 {[%clk 0:15:00]} 46.
f4 {[%clk 0:05:10]} Kxe4 {[%clk 0:11:19]} 47. Rxc3 {[%clk 0:05:31]} Rxd7 {[%clk
0:11:31]} 48. Rc6 {[%clk 0:05:33]} Rd1 {[%clk 0:10:09]} 49. Kh2 {[%clk 0:05:11]}
gxf4 {[%clk 0:09:51]} 50. Rxf6 {[%clk 0:03:50]} fxg3+ {[%clk 0:08:23]} 51. Kxg3
{[%clk 0:04:18]} Rd3+ {[%clk 0:07:08]} 52. Kh4 {[%clk 0:04:28]} Ke5 {[%clk
0:06:26]} 53. Rb6 {[%clk 0:04:33]} Rd4+ {[%clk 0:06:39]} 54. Kxh5 {[%clk
0:04:56]} Rxb4 {[%clk 0:07:07]} 55. g4 {[%clk 0:05:02]} Rb1 {[%clk 0:07:01]} 56.
g5 {[%clk 0:05:07]} b4 {[%clk 0:04:24]} 57. g6 {[%clk 0:05:31]} Kd4 {[%clk
0:03:18]} 58. g7 {[%clk 0:05:04]} Rh1+ {[%clk 0:03:33]} 59. Kg6 {[%clk 0:04:48]}
Rg1+ {[%clk 0:03:18]} 60. Kf7 {[%clk 0:05:08]} Rxg7+ {[%clk 0:03:28]} 61. Kxg7
{[%clk 0:05:34]} Kc3 {[%clk 0:03:54]} 62. Rc6+ {[%clk 0:05:06]} Kd3 {[%clk
0:04:08]} 63. Rb6 {[%clk 0:05:19]} Kc3 {[%clk 0:04:35]} 64. Kf6 {[%clk 0:05:28]}
b3 {[%clk 0:04:57]} 65. Ke5 {[%clk 0:05:13]} b2 {[%clk 0:05:15]} 66. Ke4 {[%clk
0:05:12]} Kc2 {[%clk 0:05:35]} 67. Rc6+ {[%clk 0:05:34]} Kd2 {[%clk 0:06:00]} 68.
Rb6 {[%clk 0:05:37]} Kc2 {[%clk 0:06:27]} 69. Ke3 {[%clk 0:05:35]} b1Q {[%clk
0:06:48]} 70. Rxb1 {[%clk 0:05:56]} Kxb1 {[%clk 0:07:16]} 1/2-1/2

[Event "European Women's Championship"]
[Site "Vysoke Tatry"]
[Date "2018.04.08"]
[Round "1"]
[White "Mikadze, Miranda"]
[Black "Bulmaga, Irina"]
[Result "1/2-1/2"]
[Board "25"]
[WhiteElo "2216"]
[WhiteTitle "WGM"]
[WhiteCountry "GEO"]
[WhiteFideId "13603108"]
[WhiteEloChange "5"]
[BlackElo "2414"]
[BlackTitle "IM"]
[BlackCountry "ROU"]
[BlackFideId "13903063"]
[BlackEloChange "-3"]

1. d4 {[%clk 1:30:55]} Nf6 {[%clk 1:30:52]} 2. Nf3 {[%clk 1:31:19]} e6 {[%clk
1:31:14]} 3. Bf4 {[%clk 1:31:39]} b6 {[%clk 1:31:26]} 4. e3 {[%clk 1:31:52]} Bb7
{[%clk 1:31:48]} 5. Nbd2 {[%clk 1:31:52]} g6 {[%clk 1:31:42]} 6. Bd3 {[%clk
1:30:29]} Bg7 {[%clk 1:32:01]} 7. h3 {[%clk 1:29:08]} O-O {[%clk 1:32:13]} 8. e4
{[%clk 1:26:35]} d6 {[%clk 1:32:00]} 9. O-O {[%clk 1:23:10]} Nc6 {[%clk 1:32:06]}
10. Re1 {[%clk 1:21:17]} Nxd4 {[%clk 1:20:18]} 11. Nxd4 {[%clk 1:17:44]} e5
{[%clk 1:20:41]} 12. Be3 {[%clk 1:13:12]} exd4 {[%clk 1:21:03]} 13. Bxd4 {[%clk
1:13:38]} Re8 {[%clk 1:18:31]} 14. c3 {[%clk 0:56:58]} d5 {[%clk 1:03:11]} 15.
Qc2 {[%clk 0:39:10]} c5 {[%clk 0:51:16]} 16. Bxf6 {[%clk 0:39:01]} Qxf6 {[%clk
0:51:12]} 17. exd5 {[%clk 0:36:42]} Bxd5 {[%clk 0:50:38]} 18. Be4 {[%clk
0:28:11]} Qc6 {[%clk 0:38:41]} 19. a4 {[%clk 0:25:21]} Rad8 {[%clk 0:37:02]} 20.
Bxd5 {[%clk 0:21:19]} Qxd5 {[%clk 0:35:11]} 21. Nf1 {[%clk 0:16:45]} Bh6 {[%clk
0:26:08]} 22. Rad1 {[%clk 0:16:12]} Rxe1 {[%clk 0:21:48]} 23. Rxe1 {[%clk
0:16:18]} Kg7 {[%clk 0:16:54]} 24. Re7 {[%clk 0:12:58]} Rd7 {[%clk 0:14:46]} 25.
Rxd7 {[%clk 0:07:23]} Qxd7 {[%clk 0:15:14]} 26. Qe4 {[%clk 0:02:50]} Bg5 {[%clk
0:11:38]} 27. h4 {[%clk 0:02:49]} f5 {[%clk 0:07:23]} 28. Qe5+ {[%clk 0:02:06]}
Bf6 {[%clk 0:07:48]} 29. Qf4 {[%clk 0:02:32]} Qe7 {[%clk 0:06:45]} 30. g3 {[%clk
0:02:13]} Be5 {[%clk 0:06:00]} 31. Qc4 {[%clk 0:02:05]} f4 {[%clk 0:05:29]} 32.
Qd5 {[%clk 0:01:03]} fxg3 {[%clk 0:05:19]} 33. fxg3 {[%clk 0:01:22]} h5 {[%clk
0:04:01]} 34. Kg2 {[%clk 0:01:16]} Bd6 {[%clk 0:03:33]} 35. Kf3 {[%clk 0:00:49]}
Qf7+ {[%clk 0:01:29]} 36. Ke4 {[%clk 0:00:43]} Qe7+ {[%clk 0:00:54]} 37. Kd3
{[%clk 0:01:08]} Qc7 {[%clk 0:00:39]} 38. Kc4 {[%clk 0:00:45]} Bxg3 {[%clk
0:00:33]} 39. Nxg3 {[%clk 0:01:07]} Qxg3 {[%clk 0:01:00]} 40. Qd7+ {[%clk
0:31:23]} Kh6 {[%clk 0:30:41]} 41. Qe7 {[%clk 0:20:07]} Qf2 {[%clk 0:24:55]} 42.
Kb3 {[%clk 0:07:26]} a6 {[%clk 0:22:59]} 43. Qd8 {[%clk 0:07:37]} Kg7 {[%clk
0:22:42]} 44. Ka3 {[%clk 0:05:05]} Qf6 {[%clk 0:18:29]} 45. Qc7+ {[%clk 0:04:04]}
Kh6 {[%clk 0:17:30]} 46. a5 {[%clk 0:04:31]} bxa5 {[%clk 0:16:00]} 47. Qxc5
{[%clk 0:04:55]} g5 {[%clk 0:10:33]} 48. hxg5+ {[%clk 0:02:29]} Qxg5 {[%clk
0:11:01]} 49. Qf8+ {[%clk 0:02:23]} Kg6 {[%clk 0:09:54]} 50. Qg8+ {[%clk
0:02:49]} Kf6 {[%clk 0:09:44]} 51. Qd8+ {[%clk 0:03:08]} Kf5 {[%clk 0:09:50]} 52.
Qd5+ {[%clk 0:02:01]} Kg4 {[%clk 0:09:55]} 53. Qg2+ {[%clk 0:02:24]} Kf4 {[%clk
0:10:21]} 1/2-1/2

[Event "European Women's Championship"]
[Site "Vysoke Tatry"]
[Date "2018.04.08"]
[Round "1"]
[White "Zimina, Olga"]
[Black "Ozbay, Ece"]
[Result "1-0"]
[Board "26"]
[WhiteElo "2414"]
[WhiteTitle "IM"]
[WhiteCountry "ITA"]
[WhiteFideId "4132190"]
[WhiteEloChange "2"]
[BlackElo "2216"]
[BlackTitle "WFM"]
[BlackCountry "TUR"]
[BlackFideId "6351743"]
[BlackEloChange "-5"]

1. Nf3 {[%clk 1:30:48]} d5 {[%clk 1:30:54]} 2. c4 {[%clk 1:31:12]} c6 {[%clk
1:31:19]} 3. g3 {[%clk 1:31:36]} Nf6 {[%clk 1:31:44]} 4. Bg2 {[%clk 1:32:01]} Bf5
{[%clk 1:32:02]} 5. cxd5 {[%clk 1:32:27]} cxd5 {[%clk 1:32:16]} 6. Qb3 {[%clk
1:32:50]} Qb6 {[%clk 1:32:37]} 7. Qxb6 {[%clk 1:33:12]} axb6 {[%clk 1:33:01]} 8.
Nc3 {[%clk 1:33:37]} Nc6 {[%clk 1:28:52]} 9. d3 {[%clk 1:33:48]} e5 {[%clk
1:25:06]} 10. O-O {[%clk 1:33:05]} Bc5 {[%clk 1:17:40]} 11. Bg5 {[%clk 1:30:18]}
d4 {[%clk 1:11:48]} 12. Bxf6 {[%clk 1:25:30]} gxf6 {[%clk 1:05:25]} 13. Nd5
{[%clk 1:25:35]} Ra5 {[%clk 0:55:30]} 14. a3 {[%clk 1:03:59]} Be7 {[%clk
0:47:00]} 15. Nxb6 {[%clk 0:56:12]} Be6 {[%clk 0:45:36]} 16. Nd2 {[%clk 0:56:34]}
Ra6 {[%clk 0:44:35]} 17. Nd5 {[%clk 0:52:51]} Bd8 {[%clk 0:40:40]} 18. b4 {[%clk
0:50:42]} b5 {[%clk 0:38:23]} 19. Rfc1 {[%clk 0:45:46]} Kd7 {[%clk 0:33:25]} 20.
Ne4 {[%clk 0:40:42]} Bxd5 {[%clk 0:15:58]} 21. Nc5+ {[%clk 0:40:55]} Kd6 {[%clk
0:16:26]} 22. Nxa6 {[%clk 0:36:38]} Bxg2 {[%clk 0:16:22]} 23. Kxg2 {[%clk
0:37:01]} Bb6 {[%clk 0:16:48]} 24. a4 {[%clk 0:32:13]} bxa4 {[%clk 0:16:00]} 25.
b5 {[%clk 0:31:35]} Ne7 {[%clk 0:15:32]} 26. Rxa4 {[%clk 0:31:53]} Rd8 {[%clk
0:14:58]} 27. Nb4 {[%clk 0:28:19]} Kd7 {[%clk 0:13:55]} 28. Ra6 {[%clk 0:27:41]}
Rb8 {[%clk 0:14:12]} 29. Nc6 {[%clk 0:27:15]} Nxc6 {[%clk 0:13:16]} 30. bxc6+
{[%clk 0:26:06]} Kc7 {[%clk 0:13:37]} 31. g4 {[%clk 0:26:09]} h6 {[%clk 0:13:22]}
32. Kf3 {[%clk 0:26:33]} Rg8 {[%clk 0:13:06]} 33. h3 {[%clk 0:26:41]} Re8 {[%clk
0:13:03]} 34. Ke4 {[%clk 0:22:12]} Re6 {[%clk 0:12:51]} 35. Rxb6 {[%clk 0:22:32]}
1-0

[Event "European Women's Championship"]
[Site "Vysoke Tatry"]
[Date "2018.04.08"]
[Round "1"]
[White "Kubicka, Anna"]
[Black "Nechaeva, Marina"]
[Result "0-1"]
[Board "27"]
[WhiteElo "2215"]
[WhiteTitle "WFM"]
[WhiteCountry "POL"]
[WhiteFideId "1152254"]
[WhiteEloChange "-5"]
[BlackElo "2413"]
[BlackTitle "IM"]
[BlackCountry "RUS"]
[BlackFideId "4149351"]
[BlackEloChange "2"]

1. e4 {[%clk 1:30:51]} c5 {[%clk 1:30:56]} 2. c3 {[%clk 1:30:47]} d5 {[%clk
1:31:18]} 3. e5 {[%clk 1:31:06]} Nc6 {[%clk 1:30:00]} 4. d4 {[%clk 1:31:13]} Bf5
{[%clk 1:28:24]} 5. Nf3 {[%clk 1:31:15]} e6 {[%clk 1:28:36]} 6. Bd3 {[%clk
1:29:24]} Nge7 {[%clk 1:22:55]} 7. O-O {[%clk 1:27:44]} Bxd3 {[%clk 1:19:19]} 8.
Qxd3 {[%clk 1:28:12]} Nf5 {[%clk 1:19:30]} 9. b3 {[%clk 1:24:11]} Be7 {[%clk
1:15:41]} 10. Bb2 {[%clk 1:21:24]} Rc8 {[%clk 1:11:01]} 11. Na3 {[%clk 1:18:10]}
cxd4 {[%clk 1:07:00]} 12. cxd4 {[%clk 1:17:55]} O-O {[%clk 1:07:08]} 13. Nc2
{[%clk 1:16:57]} Qb6 {[%clk 1:01:09]} 14. Rac1 {[%clk 1:11:18]} Rc7 {[%clk
0:54:48]} 15. h3 {[%clk 1:05:55]} Rfc8 {[%clk 0:50:09]} 16. g4 {[%clk 1:03:59]}
Nh4 {[%clk 0:48:42]} 17. Nxh4 {[%clk 1:03:38]} Bxh4 {[%clk 0:49:07]} 18. f4
{[%clk 0:51:15]} g5 {[%clk 0:32:30]} 19. Qe3 {[%clk 0:36:37]} gxf4 {[%clk
0:25:32]} 20. Qxf4 {[%clk 0:36:46]} Nxe5 {[%clk 0:25:42]} 21. Qxe5 {[%clk
0:36:42]} Rxc2 {[%clk 0:26:07]} 22. Qh5 {[%clk 0:22:40]} Rxc1 {[%clk 0:25:45]}
23. Qxf7+ {[%clk 0:22:52]} Kh8 {[%clk 0:26:10]} 24. Bxc1 {[%clk 0:12:30]} Qxd4+
{[%clk 0:26:30]} 25. Kh1 {[%clk 0:12:35]} Qe4+ {[%clk 0:14:40]} 26. Kg1 {[%clk
0:12:48]} Qd4+ {[%clk 0:15:02]} 27. Kh1 {[%clk 0:13:14]} Qc3 {[%clk 0:14:24]} 28.
Bf4 {[%clk 0:05:57]} Qxh3+ {[%clk 0:07:27]} 29. Bh2 {[%clk 0:06:22]} Qe3 {[%clk
0:03:54]} 30. Qh5 {[%clk 0:00:52]} Bf6 {[%clk 0:03:16]} 31. Bg1 {[%clk 0:00:35]}
Qe4+ {[%clk 0:03:33]} 32. Kh2 {[%clk 0:00:51]} Be5+ {[%clk 0:03:45]} 0-1

[Event "European Women's Championship"]
[Site "Vysoke Tatry"]
[Date "2018.04.08"]
[Round "1"]
[White "Melia, Salome"]
[Black "Antolak, Julia"]
[Result "1-0"]
[Board "28"]
[WhiteElo "2411"]
[WhiteTitle "IM"]
[WhiteCountry "GEO"]
[WhiteFideId "13602446"]
[WhiteEloChange "2"]
[BlackElo "2212"]
[BlackTitle "WFM"]
[BlackCountry "POL"]
[BlackFideId "1159569"]
[BlackEloChange "-5"]

1. e4 {[%clk 1:30:52]} c5 {[%clk 1:30:54]} 2. Nf3 {[%clk 1:31:17]} d6 {[%clk
1:31:20]} 3. Bb5+ {[%clk 1:30:51]} Nd7 {[%clk 1:31:38]} 4. c3 {[%clk 1:29:56]}
Nf6 {[%clk 1:31:06]} 5. Qe2 {[%clk 1:30:16]} a6 {[%clk 1:31:13]} 6. Ba4 {[%clk
1:30:44]} b5 {[%clk 1:31:32]} 7. Bc2 {[%clk 1:31:12]} Bb7 {[%clk 1:31:49]} 8. d3
{[%clk 1:28:43]} g6 {[%clk 1:27:41]} 9. O-O {[%clk 1:24:21]} Bg7 {[%clk 1:26:11]}
10. Nbd2 {[%clk 1:21:48]} O-O {[%clk 1:23:23]} 11. Re1 {[%clk 1:22:16]} Rc8
{[%clk 1:13:51]} 12. Nf1 {[%clk 1:22:08]} Nb6 {[%clk 1:04:26]} 13. Ng3 {[%clk
1:20:12]} Nfd7 {[%clk 0:58:57]} 14. h4 {[%clk 1:14:53]} b4 {[%clk 0:52:10]} 15.
Bd2 {[%clk 1:09:52]} c4 {[%clk 0:43:23]} 16. d4 {[%clk 1:07:00]} e5 {[%clk
0:41:18]} 17. h5 {[%clk 0:59:29]} bxc3 {[%clk 0:35:55]} 18. bxc3 {[%clk 0:55:55]}
d5 {[%clk 0:29:56]} 19. Rab1 {[%clk 0:44:59]} exd4 {[%clk 0:27:31]} 20. Nxd4
{[%clk 0:41:59]} Re8 {[%clk 0:25:32]} 21. hxg6 {[%clk 0:31:37]} hxg6 {[%clk
0:23:04]} 22. Qg4 {[%clk 0:31:10]} Ne5 {[%clk 0:15:02]} 23. Qh3 {[%clk 0:25:26]}
Nd3 {[%clk 0:13:22]} 24. Bxd3 {[%clk 0:10:06]} cxd3 {[%clk 0:13:47]} 25. Bh6
{[%clk 0:10:16]} Bh8 {[%clk 0:10:53]} 26. Be3 {[%clk 0:06:32]} Rb8 {[%clk
0:05:46]} 27. Ndf5 {[%clk 0:03:29]} Bc8 {[%clk 0:02:44]} 28. Nh6+ {[%clk
0:02:47]} Kf8 {[%clk 0:02:10]} 29. Bc5+ {[%clk 0:02:38]} Kg7 {[%clk 0:02:35]} 30.
Bd4+ {[%clk 0:01:40]} Kf8 {[%clk 0:03:00]} 31. Bc5+ {[%clk 0:00:46]} Kg7 {[%clk
0:03:27]} 32. Qh2 {[%clk 0:00:43]} d2 {[%clk 0:01:31]} 33. Red1 {[%clk 0:01:05]}
dxe4 {[%clk 0:01:07]} 34. Nh5+ {[%clk 0:00:47]} gxh5 {[%clk 0:01:25]} 35. Qxb8
{[%clk 0:00:55]} Nc4 {[%clk 0:00:39]} 36. Qf4 {[%clk 0:00:52]} Qd5 {[%clk
0:00:35]} 37. Bd4+ {[%clk 0:01:00]} Kh7 {[%clk 0:00:44]} 38. Bxh8 {[%clk
0:01:00]} Kxh8 {[%clk 0:00:44]} 39. Qf6+ {[%clk 0:00:59]} Kh7 {[%clk 0:01:03]}
40. Nxf7 {[%clk 0:30:58]} Qf5 {[%clk 0:30:54]} 41. Qh6+ {[%clk 0:22:25]} Kg8
{[%clk 0:30:39]} 42. Nd6 {[%clk 0:22:50]} Nxd6 {[%clk 0:29:15]} 43. Qxd6 {[%clk
0:23:18]} Be6 {[%clk 0:27:32]} 44. Qxd2 {[%clk 0:22:37]} 1-0

[Event "European Women's Championship"]
[Site "Vysoke Tatry"]
[Date "2018.04.08"]
[Round "1"]
[White "Motycakova, Monika"]
[Black "Danielian, Elina"]
[Result "1/2-1/2"]
[Board "29"]
[WhiteElo "2207"]
[WhiteTitle "WFM"]
[WhiteCountry "SVK"]
[WhiteFideId "14909626"]
[WhiteEloChange "5"]
[BlackElo "2410"]
[BlackTitle "GM"]
[BlackCountry "ARM"]
[BlackFideId "13300210"]
[BlackEloChange "-3"]

1. e4 {[%clk 1:30:49]} d6 {[%clk 1:30:50]} 2. d4 {[%clk 1:31:04]} Nf6 {[%clk
1:31:14]} 3. Nc3 {[%clk 1:31:29]} g6 {[%clk 1:31:40]} 4. Be3 {[%clk 1:29:37]} Bg7
{[%clk 1:31:36]} 5. Qd2 {[%clk 1:25:36]} c6 {[%clk 1:31:59]} 6. f3 {[%clk
1:25:08]} b5 {[%clk 1:32:05]} 7. Bd3 {[%clk 1:23:30]} a6 {[%clk 1:31:04]} 8. h4
{[%clk 1:20:30]} h5 {[%clk 1:31:17]} 9. a4 {[%clk 1:17:03]} b4 {[%clk 1:24:38]}
10. Nce2 {[%clk 1:15:52]} a5 {[%clk 1:24:35]} 11. Nh3 {[%clk 1:05:52]} Bxh3
{[%clk 1:24:03]} 12. Rxh3 {[%clk 1:06:18]} Nbd7 {[%clk 1:24:07]} 13. O-O-O {[%clk
1:02:20]} Qc7 {[%clk 1:20:40]} 14. Kb1 {[%clk 1:01:22]} Rb8 {[%clk 1:13:29]} 15.
b3 {[%clk 0:53:17]} Nb6 {[%clk 1:07:56]} 16. Ka2 {[%clk 0:42:05]} Nfd7 {[%clk
1:02:21]} 17. f4 {[%clk 0:32:52]} c5 {[%clk 0:41:26]} 18. Bb5 {[%clk 0:28:37]}
O-O {[%clk 0:37:38]} 19. f5 {[%clk 0:23:31]} Nf6 {[%clk 0:34:20]} 20. dxc5 {[%clk
0:15:33]} dxc5 {[%clk 0:26:55]} 21. Bf4 {[%clk 0:14:48]} Qb7 {[%clk 0:26:42]} 22.
Bxb8 {[%clk 0:14:12]} Qxb8 {[%clk 0:26:42]} 23. fxg6 {[%clk 0:07:57]} fxg6 {[%clk
0:25:43]} 24. Rf3 {[%clk 0:07:17]} c4 {[%clk 0:11:18]} 25. Qg5 {[%clk 0:04:30]}
cxb3+ {[%clk 0:10:56]} 26. cxb3 {[%clk 0:04:45]} Rc8 {[%clk 0:06:36]} 27. e5
{[%clk 0:01:25]} Ng4 {[%clk 0:03:15]} 28. Qxe7 {[%clk 0:01:11]} Nxe5 {[%clk
0:03:40]} 29. Re3 {[%clk 0:00:54]} Ng4 {[%clk 0:01:05]} 30. Qe6+ {[%clk 0:00:43]}
Kh7 {[%clk 0:01:03]} 31. Bd3 {[%clk 0:00:40]} Nxe3 {[%clk 0:00:45]} 32. Qxg6+
{[%clk 0:00:48]} Kg8 {[%clk 0:01:14]} 33. Qe6+ {[%clk 0:00:58]} Kh8 {[%clk
0:01:34]} 34. Qxe3 {[%clk 0:01:02]} Re8 {[%clk 0:00:39]} 35. Qg5 {[%clk 0:01:00]}
Qe5 {[%clk 0:01:00]} 36. Qxe5 {[%clk 0:00:59]} 1/2-1/2